000
00227nam a22001097a 4500
020
_a
978-1-60346-039-2
082
_a
823
_b
MAC/H
100
_a
MACAW
245
_a
THE HAWK & THE CROW
650
_a
ENGLISH SHORT STORY
942
_c
BK
999
_c
3446
_d
3446